Pytania z Matura to Bzdura - Statystyki

Ogólne statystyki
  • Ten quiz został rozwiązany 301 razy
  • Średni wynik to 12 z 20
Statystyki odpowiedzi
Pytanie Odpowiedź % Poprawnych
Ilu ludzi stanęło na Marsie? 0
80%
Ile palców ma 10 rąk 50
80%
Nazwa pierwiastka oznaczonego symbolem Mg magnez
78%
Choroba diabetyka cukrzyca
77%
Ile zębów stałych ma człowiek? 32
75%
Najinteligentniejsze zwierzę na Ziemii człowiek
75%
Nazwa narządu w którym znajduje się małżowina ucho
71%
Nazwa państwa w którym jest Bolonia Włochy
71%
Państwo którego stolicą jest Budapeszt Węgry
70%
Nazwisko osoby która pierwsza stanęła na Księżycu Armstrong
64%
Data Dnia Kobiet (DD.MM) 08.03
63%
Nazwisko osoby która napisała "Proces" Kafki Kafka
62%
Co to Hashimoto? choroba
61%
Rozwiń skrót ONZ Organizacja Narodów Zjednoczonych
58%
Jaki układ leczy urolog? moczowy
50%
Pascal to jednostka ciśnienia
43%
Co to znaczy że samochód jest 4x4? ( podaj nazwę tej rzeczy ) napęd na 4 koła
40%
Co ile czasu wymienia się płyn do kierunkowskazów? X
16%
Stolica Azji X
13%
Państwo którego stolicą jest Archipelag X
12%
Nie znaleziono quizów pasujących do podanych kryteriów
Rozkład punktacji
Procent ludzi z każdym wynikiem
Percentyl według liczby udzielonych odpowiedzi
Twoja historia wyników
Nie rozwiązałeś tego quizu